Fundamentals of Botany (Record no. 3985)

MARC details
000 -LEADER
fixed length control field 00614nam a22002297a 4500
003 - CONTROL NUMBER IDENTIFIER
control field OSt
005 - DATE AND TIME OF LATEST TRANSACTION
control field 20210420112200.0
008 - FIXED-LENGTH DATA ELEMENTS--GENERAL INFORMATION
fixed length control field 160511b xxu||||| |||| 00| 0 eng d
020 ## - INTERNATIONAL STANDARD BOOK NUMBER
International Standard Book Number 9780706999303
020 ## - INTERNATIONAL STANDARD BOOK NUMBER
International Standard Book Number 0706999304
040 ## - CATALOGING SOURCE
Transcribing agency 040a
082 ## - DEWEY DECIMAL CLASSIFICATION NUMBER
Classification number 581 BIL 1998
100 ## - MAIN ENTRY--PERSONAL NAME
Personal name Bilgrami, K. S.; Srivastava, L. M.; Shreemali, S. L.
9 (RLIN) 8713
245 ## - TITLE STATEMENT
Title Fundamentals of Botany
250 ## - EDITION STATEMENT
Edition statement 2nd.rev.ed
260 ## - PUBLICATION, DISTRIBUTION, ETC. (IMPRINT)
Place of publication, distribution, etc. New Delhi
Name of publisher, distributor, etc. Vikas publidhing house
Date of publication, distribution, etc. 1998
300 ## - PHYSICAL DESCRIPTION
Extent ii, 706p;
Other physical details ill :
Dimensions 12 cm
504 ## - BIBLIOGRAPHY, ETC. NOTE
Bibliography, etc Includes index
650 ## - SUBJECT ADDED ENTRY--TOPICAL TERM
Topical term or geographic name as entry element Bontany
9 (RLIN) 8568
650 ## - SUBJECT ADDED ENTRY--TOPICAL TERM
Topical term or geographic name as entry element Plant
9 (RLIN) 13054
942 ## - ADDED ENTRY ELEMENTS (KOHA)
Source of classification or shelving scheme Dewey Decimal Classification
Koha item type Short Loan
Holdings
Withdrawn status Lost status Source of classification or shelving scheme Damaged status Not for loan Home library Current library Date acquired Inventory number Total Checkouts Full call number Barcode Date last seen Koha item type
    Dewey Decimal Classification     MUST Main Library MUST Main Library 11/05/2016 01/16092   581 BIL 1998 2016-1769 11/05/2016 Short Loan
    Dewey Decimal Classification     MUST Main Library MUST Main Library 16/05/2016 98/11978   581 BIL 1998 2016-1949 16/05/2016 Short Loan